000 00788nam a22002057a 4500
999 _c11348
_d11348
003 AR-CdUCM
008 190403b ||||| |||| 00| 0 spa d
040 _aMUNICIPALIDAD PROVINCIAL DEL CUSCO
_cBIBLIOTECA MUNICIPAL DEL CUSCO
082 _a649.1 /
_bL45 / 1940
110 _aSecretaria del trabajo de los Estados Unidos
_928669
245 _aCuidado del niño en su primera infancia /
260 _aWashington :
_bGobierno de los Estados Unidos,
_c1942.
300 _a138 páginas ;
_c23 cm.
505 _aContenido : El recién nacido -- Desarrollo de la criatura -- Programa diario de la criatura -- Como mantener sana a la criatura ...
650 _aLa primera infancia
_928670
650 _aNiño
_922056
650 _aMaternidad
_928671
942 _2ddc
_cLIBROS
945 _arah